000 00365 a2200157 4500
001 195133
020 _a978-85-418-1194-1
040 _cMagnum
100 _aGarcía-Clairac, Santiago
240 1 0 _aO livro invisível
_lpor
245 1 0 _aO livro invisível
300 _a121
362 0 _a2015
697 _aLITERATURA INFANTO-JUVENIL ESTRANGEIRA
942 _cBK
999 _c195133
_d195133